00755nam a22002057a 450000500170000001000150001702000260003203500140005803700090007208200110008110000300009224500770012225000060019926000580020527000780026330000210034194200250036299900190038795201430040620240708153809.0 aENG-140818 c350.00a9789391317829 aEN-124350 bDBAD a88321 aBhatnagar, Ashwini968232 aFatal Clash:bThe Rise And Fall of East West AirlinescAshwini Bhatnagar a1 aNoidabJitendra Anand Infratech Private Limitedc2022 bNoidaa2203, Express Trade Towers-2 Sector-132e201304mjaipl3e@gmail.com a186p.c20cm (pb) 2ddccENh883mBHAe1 c204017d204017 001040708NFICaBL4bBL4d2024-07-08eDBADg350.00l2m2o883 BHApEN-124350r2025-06-20 00:00:00s2025-05-31t1v350.00w2024-07-08yEN